| 000 | 005510000a22001930004500 | ||
|---|---|---|---|
| 003 | LK-CoMWRAF | ||
| 005 | 20230921230319.0 | ||
| 008 | 230817t2000 ||||| |||| 00| 0 eng d | ||
| 020 | _a8187570113 | ||
| 040 |
_aLK-CoMWRAF _dLK-CoMWRAF _eLK-CoMWRAF |
||
| 041 | _aeng | ||
| 082 |
_a297.6 _bKHA |
||
| 100 | _aKhan, Saniyasnain | ||
| 245 |
_aThe Prophet Muhammad : _bWhat is propet's message, why it's so important and what it teaches me |
||
| 260 |
_aNew Delhi (India) : _bGoodword, _c2000 |
||
| 490 | _aTell me about | ||
| 650 | _aIslam | ||
| 942 | _cBK | ||
| 999 |
_c1496 _d1496 |
||